Poetic Manifesto/ (Record no. 190444)

MARC details
000 -LEADER
fixed length control field 00570nam a22001817a 4500
005 - DATE AND TIME OF LATEST TRANSACTION
control field 20220726113430.0
010 ## - LCCN (DPL NO)
LC control number ENG-133939
020 ## - INTERNATIONAL STANDARD BOOK NUMBER
International Standard Book Number 9789390670376
Terms of availability 270.00
035 ## - SYSTEM CONTROL NUMBER
System control number EN-117471
037 ## - SOURCE OF ACQUISITION
Source of stock number/acquisition DBAD/PUB
082 ## - DEWEY DECIMAL CLASSIFICATION NUMBER
Classification number 880
100 ## - MAIN ENTRY--PERSONAL NAME
Personal name Anand, Manminder Singh
245 ## - TITLE STATEMENT
Title Poetic Manifesto/
Statement of responsibility, etc Manminder Singh Anand
260 ## - PUBLICATION, DISTRIBUTION, ETC. (IMPRINT)
Place of publication, distribution, etc Gurugram
Name of publisher, distributor, etc Earth vision publications
Date of publication, distribution, etc 2021
270 ## - ADDRESS
Address H-23/16,DLF phase-I
City Gurugram
Postal code 122002
Electronic mail address earthvisionpublications@gmail.com
Telephone number 0124-4054392
300 ## - PHYSICAL DESCRIPTION
Extent vii;99p.
Dimensions 21cm(pbk)
942 ## - ADDED ENTRY ELEMENTS (KOHA)
Source of classification or shelving scheme Dewey Decimal Classification
Item type English Books
Classification part 880
Call number suffix ANA
Holdings
Withdrawn status Lost status Not for loan Collection code Home library Current library Date acquired Source of acquisition Cost, normal purchase price Full call number Barcode Copy number Cost, replacement price Koha item type
      Non-fiction Bawana Bawana 26/07/2022 DBAD/PUB 270.00 880 ANA EN-117471 1 270.00 English Books

© Delhi Public Library
Hit Counter
free hit counter